书目信息 |
| 题名: |
学习创新与应试创新
|
|
| 作者: | 张士全 编写 | |
| 分册: | ||
| 出版信息: | 北京 中国人事出版社 1999 |
|
| 页数: | 422页 | |
| 开本: | 20cm | |
| 丛书名: | 学校教育创新理论书系 | |
| 单 册: | ||
| 中图分类: | G632.46 , G632.474 | |
| 科图分类: | ||
| 主题词: | 学习方法--研究--中小学 , 考试方法--研究--中小学 | |
| 电子资源: | ||
| ISBN: | 7-80139-409-7 | |
| 000 | 00881oam2 2200265 450 | |
| 001 | 1549606968 | |
| 005 | 20150126134734.84 | |
| 010 | @a7-80139-409-7@dCNY24.40 | |
| 100 | @a20001214d1999 em y0chiy0110 ea | |
| 101 | 0 | @achi |
| 102 | @aCN@b110000 | |
| 105 | @ay z 000yy | |
| 200 | 1 | @a学习创新与应试创新@9xue xi chuang xin yu ying shi chuang xin@f张士全等编写 |
| 210 | @a北京@c中国人事出版社@d1999 | |
| 215 | @a422页@d20cm | |
| 225 | 2 | @a学校教育创新理论书系 |
| 330 | @a本书主要研究中小学学习创新与应试创新两部分,具体包括:创新学习的人际交往、生理保障、学习方法创新,以及应试创新的各种准备等。 | |
| 461 | 0 | @12001 @a学校教育创新理论书系 |
| 606 | 0 | @a学习方法@x研究@x中小学 |
| 606 | 0 | @a考试方法@x研究@x中小学 |
| 690 | @aG632.46@v5 | |
| 690 | @aG632.474@v5 | |
| 701 | 0 | @a张士全@9zhang shi quan@4编写 |
| 801 | 0 | @aCN@bTSSF@c20150126 |
| 905 | @aZUCC@dG632.46@eJY4 | |
| 学习创新与应试创新/张士全等编写.-北京:中国人事出版社,1999 |
| 422页;20cm.-(学校教育创新理论书系) |
| ISBN 7-80139-409-7:CNY24.40 |
| 本书主要研究中小学学习创新与应试创新两部分,具体包括:创新学习的人际交往、生理保障、学习方法创新,以及应试创新的各种准备等。 |
| ● |
| 相关链接 |
|
|
|
|
正题名:学习创新与应试创新
索取号:G632.46/JY4
 
预约/预借
| 序号 | 登录号 | 条形码 | 馆藏地/架位号 | 状态 | 备注 |
| 1 | 7844622 | 278446228 | 学院路分馆/ [索取号:G632.46/JY4] | 在馆 |